Quiz o Poznaniu - Statystyki

Ogólne statystyki
  • Ten quiz został rozwiązany 2 144 razy
  • Średni wynik to 8 z 15
Statystyki odpowiedzi
Wskazówka Odpowiedź % Poprawnych
Poznań znajduje się w tym województwie Wielkopolskie
95%
Klub piłkarski z siedzibą przy ul. Bułgarskiej Lech Poznań
94%
Symbol miasta Koziołki
82%
Rogal z nadzieniem z białego maku tradycyjnie przygotowywany w Poznaniu i niektórych częściach Wielkopolski Rogal świętomarciński
78%
Sztuczny zbiornik wodny, oddany do użytku w 1952 roku Jezioro Maltańskie
68%
Obecny prezydent miasta Jacek Jaśkowiak
63%
Niemiecka nazwa miasta Posen
63%
Powstanie mieszkańców Prowincji Poznańskiej przeciwko Republice Weimarskiej, toczące się na przełomie lat 1918–1919 Powstanie Wielkopolskie
61%
Poznański uniwersytet powstały 4 kwietnia 1919 roku Uniwersytet im. Adama Mickiewicza
56%
Największy park miejski Poznania Park Cytadela
48%
Książę poznański, wielkopolski i krakowski, król Polski w latach 1295 - 1296, został zamordowany 8 lutego 1296 roku w Rogoźnie Przemysł II
31%
Budowla powstała dla ostatniego cesarza niemieckiego i króla Prus Wilhelma II Zamek Cesarski
31%
Ulica w centrum Poznania. W latach 1945–1989 nosiła nazwę Czerwonej Armii Święty Marcin
27%
Najwyższy budynek Collegium Altum
23%
Niemiecki polityk, w latach 1925–1934 prezydent RepublikiWeimarskiej i III Rzeszy, urodzony w Poznaniu 2 października 1847 roku Paul von Hindenburg
21%
Nie znaleziono quizów pasujących do podanych kryteriów
Rozkład punktacji
Procent ludzi z każdym wynikiem
Percentyl według liczby udzielonych odpowiedzi
Twoja historia wyników
Nie rozwiązałeś tego quizu